Statistics for Category Elimination - Disney World Rides

Click here to take the quiz!

General Stats

  • This quiz has been taken 566 times
  • The average score is 9 of 16

Answer Stats

Group#Category% Correct
Green22Rides in the Magic Kingdom
99%
Green9...which were opening year attractions
87%
Green6...which aren't water-rides
77%
Purple27Fully enclosed (indoor) rides
76%
Blue30Rides not in the Magic Kingdom
71%
Purple19...which aren't outer space themed
70%
Blue14...which are not based on a movie
67%
Orange22Rides that opened after 2000
65%
Blue3...which have a max speed of at least 50 mph (80.4 kph)
58%
Orange10...which were based on a fully animated movie
55%
Purple4...which take on-ride souvenir photos
45%
Orange5...whose movies do not feature a Disney Princess
42%
Green1...and was the basis of a movieThe Haunted Mansion
42%
Blue1...and has a height requirement of only 40 in (102 cm)Test Track
40%
Orange1...and has a version in Disneyland ParisRemy's Ratatouille Adventure
23%
Purple1...and that has a museum-themed queueDinosaur
19%

Score Distribution

Percentile by Number Answered

Percent of People with Each Score

Your Score History

You have not taken this quiz